3 artistes pour un même jour d'anniversaire (2) - Statistiques

Statistiques générales
  • Ce quiz a été pris 25 fois
  • Le résultat moyen est 12 sur 108
Statistiques - réponses
Hint Réponse % Correct
21 décembre 1971 * M H
78%
25 juillet 1980 D**m's Diam's F
50%
3 juillet 1942 E**y *i***e** Eddy Mitchell H
50%
18 juillet 1917 H*nr* S*lv*d*r Henri Salvador H
50%
18 juillet 1969 L* Gr*nd* S*ph** La Grande Sophie F
50%
22 septembre 1958 *ndr** B*cc*ll* Andrea Boccelli H
44%
7 juillet 1982 *u*ie* *o*é Julien Doré H
44%
22 juillet 1918 M*ch*l R**x Michel Roux H
44%
19 juillet 1970 S*ncl**r Sinclair H
44%
18 juillet 1985 Br*c* C*nr*d Brice Conrad H
39%
2 août 1914 F*l*x L*cl*rc Félix Leclerc H
39%
1er août 1977 D*m**n S**z Damien Saez H
28%
14 juillet 1953 *o*o**ée Dorothée F
28%
31 juillet 1955 J*k** Q**rtz Jakie Quartz F
28%
5 octobre 1955 J**n-J*cq**s L*f*n Jean-Jacques Lafon H
28%
23 septembre 1991 J*k'**r Jok'Air H
28%
14 juillet 1962 J.P. N*t*f J.P. Nataf H
28%
24 juillet 1949 Y*e* *u*ei* Yves Duteil H
28%
22 septembre 1989 C***r d* P*r*t* Coeur de Pirate F
22%
23 septembre 1943 *u*io *gl*s**s Julio Iglesias H
22%
5 octobre 1939 M*r** L*f*r*t Marie Laforêt F
22%
3 juillet 1944 *i**e* *o**a*e** Michel Polnareff H
22%
22 juillet 1946 *i*ei**e *a**ieu Mireille Mathieu F
22%
13 octobre 1934 N*n* M**sk**r* Nana Mouskouri F
22%
9 juillet 1934 *ie**e *e**e* Pierre Perret H
22%
13 octobre 1921 *v*s M*nt*nd Yves Montand H
22%
24 juillet 1943 B*z* Bézu H
17%
18 août 1929 *u*ue* Au**ay Hugues Aufray H
17%
23 octobre 1965 J*l C*pl*n Jil Caplan F
17%
21 août 1984 *l*z** Alizée F
11%
24 novembre 1958 C*rm*l Carmel F
11%
21 août 1945 G*r*rd M*ns*t Gérard Manset H
11%
23 octobre 1985 G**dR* GiedRé F
11%
28 novembre 1990 Gr*d*r Gradur H
11%
24 août 1916 L** F*rr* Léo Ferré H
11%
1er août 1982 O*e**a* Orelsan H
11%
23 septembre 1969 *a**i** *io*i Patrick Fiori H
11%
1er novembre 1943 s*lv*t*r* *d*m* Salvatore Adamo H
11%
13 octobre 1989 **i*a*e Slimane H
11%
18 octobre 1982 Th**rr* *m**l Thierry Amiel H
11%
8 novembre 1935 *l**n D*l*n Alain Delon H
6%
1er novembre 1974 *ss** Assia F
6%
28 septembre 1934 **i*i**e *a**o* Brigitte Bardot F
6%
19 décembre 1915 E*i** *ia* Edith Piaf F
6%
7 juillet 1987 G**l F**r* Gaël Faure H
6%
9 octobre 1929 *a**ue* **e* Jacques Brel H
6%
12 septembre 1985 J*n*th*n C*rr*d* Jonathan Cerrada H
6%
8 décembre 1979 K*m*n* Kamini H
6%
3 juillet 1996 *e***i *i*a* Kendji Girac H
6%
7 juillet 1984 M*r**-M** Marie-Mai F
6%
8 novembre 1978 M*ck**l M*r* Mickaël Miro H
6%
28 septembre 1951 *o**e** *e*oy Nolwenn Leroy F
6%
18 décembre 1975 S** Sia F
6%
1er novembre 1967 T*n* *r*n* Tina Arena F
6%
9 juillet 1946 *i**ia* **e**e* William Sheller H
6%
19 décembre 1978 Ya**i** Yannick H
6%
9 juillet 1963 A**e* *oui*i Ahmed Mouici H
0%
24 novembre 1958 A**ai* **a*a* Alain Chabat H
0%
24 août 1978 A*e* *u** Alex Lutz H
0%
22 septembre 1940 A**a *a*i*a Anne Karina F
0%
5 octobre 1955 *a*o*i*e *oe* Caroline Loeb F
0%
18 octobre 1957 *e**e*i*e *i**e* Catherine Ringer F
0%
30 octobre 1982 **i*è*e *a*i Chimène Badi F
0%
21 décembre 1946 *. *é*ô*e C. Jérôme H
0%
22 juillet 1929 C*r* V**c**r* Cora Vaucaire F
0%
29 août 1959 *nz* *nz* Enzo Enzo F
0%
14 juillet 1953 E*i* E**e*e Eric Estève H
0%
9 octobre 1947 **a**e *a** France Gall F
0%
30 octobre 1989 G**v**n S*rs Gauvain Sers H
0%
8 décembre 1947 *é*a** **a** Gérard Blanc H
0%
28 septembre 1982 *i**e** *o**a**é Gilbert Montagné H
0%
7 septembre 1943 **o*ia *ay*o* Gloria Gaynor F
0%
19 juillet 1975 *e**u* **i** Helmut Fritz H
0%
8 novembre 1947 *e**é ***i**ia*i Hervé Christiani H
0%
24 juillet 1946 *e**é *i*a** Hervé Vilard H
0%
31 juillet 1931 I*a* *e**o** Ivan Rebroff H
0%
18 octobre 1940 *a**ue* *i*e*i* Jacques Higelin H
0%
26 décembre 1930 *ea* *e**a* Jean Ferrat H
0%
19 décembre 1945 J**n-P*tr*ck C*pd*v**ll* Jean Patrick Capdevielle H
0%
1er août 1962 *e**e *a*o* Jesse Garon H
0%
19 juillet 1955 *a*e* **e*y* Karen Cheryl F
0%
18 décembre 1948 *au*e** *ou**y Laurent Voulzy H
0%
25 juillet 1916 L*c B*rn** Luc Barney H
0%
18 août 1901 *u*ie**e *oye* Lucienne Boyer F
0%
25 juillet 1966 *y**a *e*ay Lynda Lemay F
0%
7 septembre 1923 M*rc*l Z*n*n* Marcel Zanini H
0%
12 septembre 1888 *au*i*e **e*a*ie* Maurice Chevalier H
0%
29 août 1958 *i**ae* *a***o* Michael Jackson H
0%
28 novembre 1947 *I**e* *e**e* Michel Berger H
0%
18 août 1983 *I*a Mika H
0%
29 août 1974 M**s Moos H
0%
12 septembre 1961 *y*è*e *a**e* Mylène Farmer F
0%
24 novembre 1994 N*v** Navii H
0%
9 octobre 1936 *i*o*e **oi*i**e Nicole Croisille F
0%
26 décembre 1968 N*tt** Nuttea H
0%
21 décembre 1972 P*ss* Passi H
0%
21 août 1950 *a**i** *u*e* Patrick Juvet H
0%
18 décembre 1963 P**l*n* *st*r Pauline Ester F
0%
24 août 1954 Ph*l*pp* C*t*ld* Philippe Cataldo H
0%
8 décembre 1968 **i*i**e *e*e*i*e Philippe Katerine H
0%
7 septembre 1964 P**rp*lj*k Pierpoljak H
0%
23 octobre 1937 *ie**e *a**i*iu Pierre Vassiliu H
0%
2 août 1996 *o**e Pomme F
0%
2 août 1989 **i**i**a Priscilla F
0%
26 décembre 1929 *é*i*e Régine F
0%
28 novembre 1985 **y'* Shy'm F
0%
31 juillet 1947 **o*e Stone F
0%
30 octobre 1959 *a*ou **ei**a* Zabou Breitman F
0%
Aucun quiz correspondant
Distribution des résultats
% des personnes avec chaque résultat
Percentile par nombre de réponses
Votre historique - résultats
Vous n’avez pas pris ce quiz